000 01073nas a2200301 4500
001 BR8102028
003 BR-BrBNA
005 20231205084622.0
007 ta
008 230509b bl.|||p| |||| 00| 00por d
040 _aBR-BrBNA
_bpor
_cBiblioteca Nacional de Agricultura
041 _a(Pt)
072 _aH10
100 1 _aBotelho, P.S.M.
100 1 _aMendes, A. de C.
100 1 _aMacedo, N.
245 1 _aControle da broca da cana-de-acucar Diatraea saccharalis (Fabr., 1794): novos testes com inseticidas [Saccharum spp; Praga de planta; Sao Paulo; Brasil]
246 1 _aControl of sugarcane moth-borer Diatraea saccharalis (Fabr., 1794): new tests with insecticides [Saccharum spp; Pest of plant; Sao Paulo; Brazil]
650 _aPraga de planta
650 _aCana de acucar
650 _aBroca
650 _aInseticida
650 _aControle quimico
650 _aInfestacao
773 0 _tBrasil Acucareiro (Brazil)
_xISSN 0006-9167
_g(Jun 1980), v. 95(6) p. 29-52
_wBR8102028
909 _a202311
_bLúcia
_c55
_dLúcia Elande
942 _2AGRIS
_n0
_cANA
999 _c106285
_d106285